Análisis técnico económico de la utilización de luminarias con tecnología solar para la iluminación de vías públicas

Na minha lista:
Detalhes bibliográficos
Autor principal: Badilla Solórzano, Jorge Adrían
Formato: Livro
Publicado em: [San José, Costa Rica] 2010
Assuntos:
Tags: Adicionar Tag
Sem tags, seja o primeiro a adicionar uma tag!

MARC

LEADER 00000nam a2200000Ia 4500
003 010083
005 20221231144033.0
008 140114s2010 cr a 000 ||s d
040 |c cru CEDI  
090 |a TFG 6253 
100 |a Badilla Solórzano, Jorge Adrían.  |9 451 
245 |a Análisis técnico económico de la utilización de luminarias con tecnología solar para la iluminación de vías públicas 
260 |c 2010  |b [San José, Costa Rica] 
500 |a Proyecto de graduación (bachillerato en ingeniería eléctrica)--Universidad de Costa Rica. Facultad de Ingeniería. Escuela de Ingeniería Eléctrica, 2010 "IE - 0502 Proyecto Eléctrico" 
650 |x INGENIERÍA ELÉCTRICA  |x ALUMBRADO ELECTRICO  |x ASPECTOS ECONOMICOS   |x OBRAS PUBLICAS   |x ENERGIA SOLAR   |9 2837 
942 |c TFG 
999 |c 15950  |d 15950